000 00573cam a22002177a 4500
001 000512
003 armpunfd
005 20140612090612.0
008 011019e1952####xx#a##########000#0#und#d
040 _aarmpunfd
_carmpunfd
080 _a343.343 P 438
100 1 0 _a Pessagno, Hernan A.
245 1 0 _aDelito de desacato
260 _a Buenos Aires
_b Depalma
_c1952
300 _a82 p.
650 7 _a Delitos
_x Argentina
_2LEMB
650 7 _a Insubordinacion
_x Argentina
_2LEMB
942 _cLB
_2cdu
945 _aCatalis
_d2010-08-19
945 _aCatalis
_d2010-08-19
999 _c510
_d231014